| 000 | 00432nam a2200157 i 4500 | ||
|---|---|---|---|
| 001 | bg | ||
| 100 | 1 | _aJASIŃSKA, Teresa | |
| 245 | 0 |
_aPrzysposobienie biblioteczne i informacyjne studentów / _cTeresa Jasińska, Alicja Gniewoszewska. |
|
| 250 | _aWyd.2 uzupeł. | ||
| 260 |
_aSzczecin, _c1977. |
||
| 700 | 1 | _aGNIEWOSZEWSKA, Alicja | |
| 040 | _cBPK | ||
| 041 | _apol | ||
| 942 | _cKS | ||
| 008 | s pl f |000 0 pol | ||
| 999 |
_c17828 _d17828 |
||
| 856 |
_uhttp://koha.tu.koszalin.pl/cgi-bin/koha/opac-detail.pl?biblionumber=17828 _yKatalog online BPK |
||